| 000 | 00592 a2200193 4500 | ||
|---|---|---|---|
| 999 |
_c183387 _d183387 |
||
| 005 | 20211229142439.0 | ||
| 010 | _aENG-130577 | ||
| 020 |
_a978-93-5460-160-6 _c899.00 |
||
| 035 | _aEN-114109 | ||
| 037 | _bDBAD/PUB | ||
| 082 | _a510 | ||
| 100 | _aMoyer, Robert E. | ||
| 245 |
_aConquering GRE Math: _cRobert E. Moyer |
||
| 250 | _a4th | ||
| 260 |
_aChennai _bMcGraw Hill Education(india) Private Limited _c2022 |
||
| 270 |
_aAnjana Complex No.5 /90 A, Butt Road, St. Thomas Mount _bChennai _e600016 |
||
| 300 |
_a352p. _c24cm (pbk) |
||
| 942 |
_adpl _cEN _2ddc _h510 _mMOY |
||